|
|
|
|
| LEADER |
00000nam a2200000 a 4500 |
| 001 |
vtls010768907 |
| 003 |
SK-MaSNL |
| 005 |
20260302013849.0 |
| 008 |
210928 1970 xo j 000 0 slo |
| 015 |
|
|
|a SNBA1970
|
| 040 |
|
|
|a SNK
|b slo
|c SNK
|e AACR2
|
| 041 |
0 |
|
|a slo
|
| 044 |
|
|
|a xo
|c SK
|
| 072 |
|
7 |
|a 66
|x Chemický priemysel. Chemická technológia
|2 konspekt
|
| 072 |
|
7 |
|a 37.09
|x Organizácia výučby a vzdelávanie
|2 konspekt
|
| 080 |
|
|
|a 66
|2 2011
|
| 080 |
|
|
|a 371.214.14
|2 2001
|
| 080 |
|
|
|a 37.091.214
|2 2011
|
| 080 |
|
|
|a 373.5/.6+377.1/.3
|2 2001
|
| 080 |
|
|
|a (073)
|2 2011
|
| 245 |
0 |
0 |
|a Pedagogické dokumenty
|b študijný odbor: 06-2-01 Chemická technológia
|
| 246 |
3 |
|
|a Chemická technológia
|
| 250 |
|
|
|a Prvé vydanie
|
| 260 |
|
|
|a Bratislava
|b Slovenské pedagogické nakladateľstvo
|c 1970
|
| 300 |
|
|
|a (rôzne stránkovanie)
|c 30 cm
|
| 500 |
|
|
|a Vypracoval Výskumný ústav odborného školstva
|
| 521 |
|
|
|a Pre vnútornú potrebu školských pracovníkov
|
| 650 |
0 |
7 |
|a chemická technológia
|2 SNKPH
|9 65015
|
| 650 |
0 |
7 |
|a učebné plány
|2 SNKPH
|9 4070
|
| 650 |
0 |
7 |
|a študijné odbory
|2 SNKPH
|9 68762
|
| 650 |
0 |
7 |
|a stredoškolské štúdium
|2 SNKPH
|9 75478
|
| 650 |
0 |
7 |
|a Chemical technology
|2 SNKPHeng
|9 265252
|
| 650 |
0 |
7 |
|a School syllabus
|2 SNKPHeng
|9 353437
|
| 650 |
0 |
7 |
|a Courses of studies
|2 SNKPHeng
|9 319010
|
| 650 |
0 |
7 |
|a Secondary education
|2 SNKPHeng
|9 266536
|
| 655 |
|
7 |
|a učebné osnovy
|2 SNKPH
|9 60479
|
| 655 |
|
7 |
|a Subject programmes
|2 SNKPHeng
|9 299677
|
| 710 |
1 |
|
|a Slovensko (Československo).
|b Ministerstvo školstva
|4 pbl
|9 188158
|
| 852 |
|
|
|a Štátna vedecká knižnica v Banskej Bystrici
|
| 958 |
|
|
|a OND
|
| 999 |
|
|
|c 1014805
|d 1016735
|
| 952 |
|
|
|a SNK
|b SNK
|y PREZ
|7 0
|p 17A0874132
|o snkSB 48394
|i snkK 2745/91
|8 3
|0 0
|1 0
|4 0
|d 2015-08-04
|l 0
|r 2025-02-18 00:00:00
|w 2026-02-24
|